Normal view MARC view
  • Lancaster, Bruce,

Entry Personal Name

Number of records used in: 1

001 - CONTROL NUMBER

  • control field: 153708

003 - CONTROL NUMBER IDENTIFIER

  • control field: DLC

005 - DATE AND TIME OF LATEST TRANSACTION

  • control field: 20260416110908.0

008 - FIXED-LENGTH DATA ELEMENTS

  • fixed length control field: 800730n| acannaabn |n aaa

010 ## - LIBRARY OF CONGRESS CONTROL NUMBER

  • LC control number: n 50039933

035 ## - SYSTEM CONTROL NUMBER

  • System control number: (OCoLC)oca00075141

040 ## - CATALOGING SOURCE

  • Original cataloging agency: DLC
  • Language of cataloging: eng
  • Transcribing agency: DLC
  • Modifying agency: DLC
  • Modifying agency: OCoLC

053 #0 - LC CLASSIFICATION NUMBER

  • Classification number element--single number or beginning number of span: PS3523.A469

100 1# - HEADING--PERSONAL NAME

  • Personal name: Lancaster, Bruce,
  • Dates associated with a name: 1896-1963

670 ## - SOURCE DATA FOUND

  • Source citation: His The wide sleeve of Kwannon, 1938.
Devinim Yazılım Eğitim Danışmanlık tarafından Koha'nın orjinal sürümü uyarlanarak geliştirilip kurulmuştur.